| 000 | 00480 a2200181 4500 | ||
|---|---|---|---|
| 003 | NUST | ||
| 038 | _aA | ||
| 082 | _a302.23 | ||
| 100 |
_aMiskeen Ali Hijazi _981578 |
||
| 245 |
_aMass Communication theory and practice _cMiskeen Ali Hijazi |
||
| 260 |
_aLahore: _b A-ONE Publishers, _c2004. |
||
| 300 |
_a xvii, 349 p. _c; 23 cm. |
||
| 500 | _aIncludes Index | ||
| 563 | _aH.B | ||
| 650 |
_aMass--Media. _9116 |
||
| 700 |
_aG. M. Naqqash. _981579 |
||
| 942 |
_cBK _k 301.161 MIS _2ddc |
||
| 999 |
_c7156 _d7156 |
||